000 00728 a2200229 4500
005 20260422144326.0
008 260422b |||||||| |||| 00| 0 eng d
020 _a9789953865379 (pbk)
037 _cTB
040 _aCRL
_cCRL
041 _2ARB
_aARB
084 _aP:795 164P9
_qCRL
100 _aQasmi, Ali
_9854111
245 _aAl-tarjuma wa al-dawatha dirasat fi al-nazariya wa al-tatbeeq
260 _aBeirut, Lebanon:
_bLibrairie du liban publishers,
_c2009.
300 _a204p.
365 _b2520.00
_cINR
650 _aLinguistics
650 _aTranslation
942 _cTB
_2CC
_hP:795 164P9
999 _c1465811
_d1465811